000 00634nam a22002417a 4500
003 UA-OsUOA
001 33004
007 ta
008 20050228b un ||||| |||| 00| 0 ukr d
090 _a94(477)092
_bК38
942 _cBK
040 _aUA-OsUOA
_bukr
_cUA-OsUOA
_dUA-OsUOA
245 _aКиївський процес
_bДокументи та матеріали
_cУпор. Л.Абраменко
300 _a208 с.
_bІлюстрації
955 _a0
041 _aukr
080 _a94(477)092
020 _a5-325-00747-5
260 _aК.
_bЛибідь
_c1995
044 _aUA
650 7 _2UDC
999 _c319460
_d319460